[Event "Newport Pagnell 4NCL op 11th"]
[Site "Newport Pagnell"]
[Date "2016.11.06"]
[Round "5"]
[White "Cobb, James"]
[Black "Hill, Alistair"]
[Result "1/2-1/2"]
[WhiteElo "2434"]
[BlackElo "2247"]
[PlyCount "75"]
[EventDate "2016.11.04"]
[EventType "swiss"]
[EventRounds "5"]
[EventCountry "ENG"]
[SourceTitle "CBM 175 Extra"]
[Source "ChessBase"]
[SourceDate "2016.12.12"]
[SourceVersion "1"]
[SourceVersionDate "2016.12.12"]
[SourceQuality "1"]

1. d4 Nf6 2. c4 g6 3. g3 c5 4. Nf3 Bg7 5. Bg2 0-0 6. 0-0 Nc6 7. Nc3 cxd4 8. Nxd4 d6 9. Nc2 Nd7 10. Bd2 Nde5 11. b3 f5 12. Rc1 Be6 13. h3 Rc8 14. Nd5 Nd7 15. Be3 Nf6 16. Nxf6+ Bxf6 17. Qd2 a6 18. Rfd1 Qa5 19. Qxa5 Nxa5 20. Nb4 Nc6 21. Nd5 Kg7 22. Nxf6 Kxf6 23. Bb6 g5 24. c5 dxc5 25. Rxc5 Nb4 26. a3 Rxc5 27. Bxc5 Nc6 28. b4 Rd8 29. Rxd8 Nxd8 30. a4 Bc8 31. f4 gxf4 32. gxf4 e5 33. fxe5+ Kxe5 34. Kf2 Ne6 35. Bb6 Nd4 36. Bc7+ Kf6 37. Bb6 Ke5 38. Bc7+ 1/2-1/2

[Event "Newport Pagnell 4NCL op 11th"]
[Site "Newport Pagnell"]
[Date "2016.11.06"]
[Round "4"]
[White "Player, Edmund C"]
[Black "Cobb, James"]
[Result "0-1"]
[WhiteElo "2222"]
[BlackElo "2434"]
[PlyCount "90"]
[EventDate "2016.11.04"]
[EventType "swiss"]
[EventRounds "5"]
[EventCountry "ENG"]
[SourceTitle "CBM 175 Extra"]
[Source "ChessBase"]
[SourceDate "2016.12.12"]
[SourceVersion "1"]
[SourceVersionDate "2016.12.12"]
[SourceQuality "1"]

1. e4 e5 2. Nf3 Nc6 3. Bb5 a6 4. Ba4 Nf6 5. 0-0 Be7 6. d3 d6 7. c3 0-0 8. Nbd2 Re8 9. Re1 Bf8 10. Nf1 Bd7 11. Ng3 g6 12. h3 Bg7 13. d4 b5 14. Bc2 a5 15. Be3 a4 16. b3 exd4 17. cxd4 Nb4 18. Bb1 Qe7 19. Bd2 Nc6 20. Bd3 Reb8 21. Qe2 b4 22. Rab1 axb3 23. axb3 Ra2 24. Qe3 Na5 25. Rec1 Ra3 26. Bf1 c5 27. dxc5 dxc5 28. Rxc5 Be6 29. Re5 Nd7 30. Rxe6 Qxe6 31. Ng5 Qb6 32. Qf4 Ne5 33. Be3 Qf6 34. Nf3 Rxb3 35. Rxb3 Nxb3 36. Nxe5 Qxe5 37. Bc4 Qxf4 38. Bxf4 Ra8 39. Bxb3 Ra3 40. Bc4 b3 41. Nf1 b2 42. Nd2 Ra1+ 43. Kh2 Bc3 44. Bd3 Rd1 45. Bc2 Bxd2 0-1

[Event "Newport Pagnell 4NCL op 11th"]
[Site "Newport Pagnell"]
[Date "2016.11.05"]
[Round "3"]
[White "Hand, Freddie"]
[Black "Cobb, James"]
[Result "1-0"]
[WhiteElo "2103"]
[BlackElo "2434"]
[PlyCount "84"]
[EventDate "2016.11.04"]
[EventType "swiss"]
[EventRounds "5"]
[EventCountry "ENG"]
[SourceTitle "CBM 175 Extra"]
[Source "ChessBase"]
[SourceDate "2016.12.12"]
[SourceVersion "1"]
[SourceVersionDate "2016.12.12"]
[SourceQuality "1"]

1. d4 Nf6 2. c4 e6 3. Nc3 Bb4 4. e3 0-0 5. Nge2 d5 6. a3 Be7 7. cxd5 exd5 8. Nf4 c6 9. Bd3 a5 10. 0-0 Na6 11. Bc2 Nc7 12. f3 Ne6 13. e4 b6 14. Nxe6 Bxe6 15. Qd3 g6 16. Bg5 c5 17. dxc5 d4 18. Nb5 bxc5 19. Bb3 Bxb3 20. Qxb3 a4 21. Qc4 Rb8 22. b3 axb3 23. Qxb3 Qd7 24. a4 Rfc8 25. Rac1 Nd5 26. Qxd5 Qxd5 27. exd5 Bxg5 28. f4 Bd8 29. Na7 c4 30. Nxc8 Rxc8 31. Rfd1 Ba5 32. Kf1 Bc3 33. d6 Kf8 34. a5 Ra8 35. Rb1 Ke8 36. Rb5 Rc8 37. a6 Kd7 38. a7 Ra8 39. Rc5 Rxa7 40. Rxc4 Ra2 41. Rc7+ Kxd6 42. Rxc3 Kd5 1-0

[Event "WLS-ch 61st"]
[Site "Cardiff"]
[Date "2015.04.06"]
[Round "7"]
[White "Jameson, David"]
[Black "Cobb, James"]
[Result "0-1"]
[WhiteElo "2017"]
[BlackElo "2434"]
[PlyCount "122"]
[EventDate "2015.04.03"]
[EventType "swiss"]
[EventRounds "7"]
[EventCountry "WLS"]
[SourceTitle "CBM 165 Extra"]
[Source "ChessBase"]
[SourceDate "2015.04.21"]
[SourceVersion "1"]
[SourceVersionDate "2015.04.21"]
[SourceQuality "1"]

1. e4 e6 2. d4 d5 3. Nd2 a6 4. Ngf3 c5 5. exd5 exd5 6. dxc5 Bxc5 7. Nb3 Ba7 8. Bd3 Qe7+ 9. Qe2 Qxe2+ 10. Bxe2 Nc6 11. Bd2 Nf6 12. 0-0 0-0 13. Bc3 Ne4 14. Bd4 Nxd4 15. Nfxd4 Bd7 16. Rad1 Rac8 17. c3 Rfe8 18. Bd3 Bb6 19. Rc1 g6 20. Rcd1 Ba4 21. Rc1 Re7 22. Rfe1 Rce8 23. f3 Bxb3 24. axb3 Nxc3 25. Rxe7 Bxd4+ 26. Kf1 Rxe7 27. bxc3 Re3 28. Bxa6 bxa6 29. cxd4 Rxb3 30. Rc5 Rb5 31. Rc8+ Kg7 32. Ra8 Ra5 33. Kf2 h5 34. h4 Kf6 35. Ra7 Ra2+ 36. Kg3 Ra4 37. Kh3 Ke6 38. Kg3 f6 39. Ra8 Kf5 40. Ra7 Rxd4 41. Rxa6 Rc4 42. Rd6 Ke5 43. Rd8 Rc6 44. Rg8 f5 45. Kf2 Kd4 46. Rd8 Re6 47. Ra8 Kc3 48. Ra3+ Kb4 49. Ra8 d4 50. Rb8+ Kc3 51. Rc8+ Kd2 52. Rc4 d3 53. Rc8 Kd1 54. Rc3 d2 55. Rc8 Rb6 56. Rc7 Rb2 57. Rc6 Rc2 58. Ra6 Rc5 59. Ra1+ Kc2 60. Ra2+ Kd3 61. Ra3+ Rc3 0-1

[Event "WLS-ch 61st"]
[Site "Cardiff"]
[Date "2015.04.03"]
[Round "2"]
[White "Cobb, James"]
[Black "Brown, Thomas"]
[Result "1-0"]
[WhiteElo "2434"]
[BlackElo "2042"]
[PlyCount "83"]
[EventDate "2015.04.03"]
[EventType "swiss"]
[EventRounds "7"]
[EventCountry "WLS"]
[SourceTitle "CBM 165 Extra"]
[Source "ChessBase"]
[SourceDate "2015.04.21"]
[SourceVersion "1"]
[SourceVersionDate "2015.04.21"]
[SourceQuality "1"]

1. Nf3 Nf6 2. c4 g6 3. Nc3 Bg7 4. d4 0-0 5. e3 c5 6. d5 d6 7. Be2 e5 8. e4 Nh5 9. g3 Nf6 10. Bg5 h6 11. Bd2 Nbd7 12. Qc2 a6 13. h3 Kh7 14. g4 Ne8 15. h4 Rh8 16. Nd1 Nf8 17. Ne3 Bd7 18. h5 g5 19. Nh2 Nf6 20. Nhf1 Ng8 21. Ng3 Ne7 22. b4 b6 23. Rb1 Bc8 24. bxc5 dxc5 25. 0-0 Nd7 26. Rb3 a5 27. Rfb1 Ba6 28. Nef5 Nxf5 29. exf5 f6 30. Ne4 Bf8 31. R3b2 Kg7 32. Qa4 Rc8 33. Bd1 Qc7 34. Qc6 Bxc4 35. Rxb6 Bxd5 36. Qxd5 Nxb6 37. Rxb6 Qxb6 38. Qd7+ Kg8 39. Qxc8 Kh7 40. Qe8 Rg8 41. Bb3 c4 42. Be3 1-0

[Event "WLS-ch 61st"]
[Site "Cardiff"]
[Date "2015.04.03"]
[Round "1"]
[White "Van Kemenade, Rudy"]
[Black "Cobb, James"]
[Result "0-1"]
[WhiteElo "1989"]
[BlackElo "2434"]
[PlyCount "52"]
[EventDate "2015.04.03"]
[EventType "swiss"]
[EventRounds "7"]
[EventCountry "WLS"]
[SourceTitle "CBM 165 Extra"]
[Source "ChessBase"]
[SourceDate "2015.04.21"]
[SourceVersion "1"]
[SourceVersionDate "2015.04.21"]
[SourceQuality "1"]

1. e4 e6 2. d3 d5 3. Qe2 Nc6 4. Nf3 Nf6 5. g3 dxe4 6. dxe4 e5 7. Bg2 Bg4 8. c3 Be7 9. h3 Be6 10. 0-0 Nd7 11. Rd1 0-0 12. Nbd2 Nc5 13. Ne1 Kh8 14. Nf1 Qc8 15. Kh2 f5 16. exf5 Bxf5 17. Ne3 Bg6 18. Nd5 Bd6 19. Nf3 Bh5 20. b4 e4 21. Bf4 exf3 22. Bxf3 Bxf3 23. Qxf3 Ne6 24. b5 Nxf4 25. gxf4 Ne5 26. Qe4 Ng6 0-1

[Event "BCF-chT1a 1415 (4NCL)"]
[Site "England"]
[Date "2015.02.15"]
[Round "6.141"]
[White "Cobb, James"]
[Black "Lawton, Geoffrey W"]
[Result "1-0"]
[WhiteElo "2423"]
[BlackElo "2389"]
[PlyCount "51"]
[EventDate "2014.11.15"]
[EventType "team-swiss"]
[EventRounds "11"]
[EventCountry "ENG"]
[SourceTitle "EXT 2016"]
[Source "ChessBase"]
[SourceDate "2015.10.08"]
[SourceVersion "1"]
[SourceVersionDate "2015.10.08"]
[SourceQuality "1"]
[WhiteTeam "South Wales Dragons"]
[BlackTeam "Warwicks Select"]
[WhiteTeamCountry "ENG"]
[BlackTeamCountry "ENG"]

1. d4 Nf6 2. Nf3 g6 3. c4 Bg7 4. Nc3 0-0 5. Bg5 d6 6. e3 c5 7. d5 h6 8. Bh4 g5 9. Bg3 Nh5 10. Nd2 Nxg3 11. hxg3 f5 12. Qc2 e6 13. Bd3 Na6 14. a3 Nc7 15. e4 exd5 16. cxd5 fxe4 17. Bxe4 b5 18. 0-0 g4 19. a4 bxa4 20. Nc4 Rb8 21. Rxa4 a6 22. Ra2 Qf6 23. Raa1 Nb5 24. Ne2 Bb7 25. Qd3 Rbe8 26. Bh7+ 1-0

[Event "BCF-ch rapidplay 27th"]
[Site "Leeds"]
[Date "2013.11.24"]
[Round "9"]
[White "Cobb, James"]
[Black "Storey, Charles"]
[Result "1-0"]
[WhiteElo "2424"]
[BlackElo "2241"]
[PlyCount "165"]
[EventDate "2013.11.23"]
[EventType "swiss (rapid)"]
[EventRounds "11"]
[EventCountry "ENG"]
[SourceTitle "CBM 157 Extra"]
[Source "ChessBase"]
[SourceDate "2013.12.19"]
[SourceVersion "1"]
[SourceVersionDate "2013.12.19"]
[SourceQuality "1"]

1. Nf3 g6 2. g3 Bg7 3. Bg2 c5 4. c4 Nc6 5. 0-0 d6 6. Nc3 Rb8 7. e3 Nh6 8. d4 Bg4 9. dxc5 dxc5 10. h3 Qxd1 11. Rxd1 Bxc3 12. hxg4 Bg7 13. g5 Nf5 14. Nd2 Na5 15. Nb3 Nxc4 16. Nxc5 Nfd6 17. Rb1 h6 18. b3 Nb6 19. Bb2 Bxb2 20. Rxb2 hxg5 21. e4 f6 22. e5 fxe5 23. Re2 Nd7 24. Nxd7 Kxd7 25. Rxe5 g4 26. Bd5 Rh5 27. Re3 e5 28. Be4 Ke6 29. Bxg6 Rh6 30. Be4 Nxe4 31. Rxe4 Rbh8 32. Kf1 Kf5 33. Ra4 a6 34. Rd7 Rh1+ 35. Ke2 Rc8 36. Rf7+ Ke6 37. Rxb7 Rc2+ 38. Kd3 Rc6 39. Rxg4 Rcc1 40. Rc4 Rhd1+ 41. Ke2 Ra1 42. Rb6+ Kf5 43. Rxa6 Re1+ 44. Kd2 Rad1+ 45. Kc3 Re2 46. Ra8 Ke6 47. f4 Kd7 48. fxe5 Rg1 49. Ra5 Rxg3+ 50. Kb4 Rg8 51. Rd5+ Ke7 52. a4 Re3 53. Rb5 Rgg3 54. Kc5 Rxe5+ 55. Kb6 Ree3 56. b4 Rg8 57. Rc7+ Kd6 58. Rc6+ Ke7 59. Ka5 Kd7 60. Ra6 Rg4 61. Rb7+ Kc8 62. Rh7 Kb8 63. Rf6 Rg8 64. b5 Re4 65. Rhf7 Ree8 66. Kb6 Ka8 67. Ra7+ Kb8 68. Rb7+ Ka8 69. a5 Rb8 70. Rxb8+ Rxb8+ 71. Kc5 Rc8+ 72. Rc6 Rh8 73. Kb6 Rb8+ 74. Kc5 Rh8 75. a6 Kb8 76. Kb6 Ka8 77. a7 Rg8 78. Rd6 Rc8 79. Ka6 Re8 80. b6 Rb8 81. b7+ Rxb7 82. Rd8+ Rb8 83. Rxb8# 1-0

[Event "BCF-ch rapidplay 27th"]
[Site "Leeds"]
[Date "2013.11.24"]
[Round "8"]
[White "Hawkins, Jonathan J"]
[Black "Cobb, James"]
[Result "1-0"]
[WhiteElo "2511"]
[BlackElo "2424"]
[PlyCount "79"]
[EventDate "2013.11.23"]
[EventType "swiss (rapid)"]
[EventRounds "11"]
[EventCountry "ENG"]
[SourceTitle "CBM 157 Extra"]
[Source "ChessBase"]
[SourceDate "2013.12.19"]
[SourceVersion "1"]
[SourceVersionDate "2013.12.19"]
[SourceQuality "1"]

1. d4 Nf6 2. c4 e6 3. Nc3 Bb4 4. e3 0-0 5. Bd3 d5 6. Nf3 b6 7. 0-0 Bb7 8. Qc2 Nbd7 9. cxd5 exd5 10. Bd2 a6 11. Ne5 Bd6 12. f4 c5 13. Be1 Be7 14. Rf3 b5 15. Rh3 h6 16. Bf5 b4 17. Ne2 c4 18. g4 Nxe5 19. dxe5 Ne4 20. Nd4 Bc5 21. Rd1 Qb6 22. g5 Bxd4 23. Rxd4 Bc8 24. Bxe4 dxe4 25. Rg3 Bf5 26. Rd6 Qc5 27. gxh6 g6 28. Qd2 c3 29. bxc3 bxc3 30. Qxc3 Qxc3 31. Bxc3 Rfc8 32. Rf6 Rxc3 33. Rxf5 Rc2 34. h7+ Kg7 35. Rh5 Kh8 36. Rh6 Rd8 37. Kh1 Kg7 38. Rh4 Rxa2 39. f5 Kh8 40. e6 1-0

[Event "BCF-ch rapidplay 27th"]
[Site "Leeds"]
[Date "2013.11.23"]
[Round "5"]
[White "Cobb, James"]
[Black "Burnett, Jim"]
[Result "1-0"]
[WhiteElo "2424"]
[BlackElo "2124"]
[PlyCount "55"]
[EventDate "2013.11.23"]
[EventType "swiss (rapid)"]
[EventRounds "11"]
[EventCountry "ENG"]
[SourceTitle "CBM 157 Extra"]
[Source "ChessBase"]
[SourceDate "2013.12.19"]
[SourceVersion "1"]
[SourceVersionDate "2013.12.19"]
[SourceQuality "1"]

1. d4 d5 2. c4 e6 3. Nf3 c6 4. e3 Nf6 5. b3 Nbd7 6. Bd3 Bd6 7. Bb2 Qc7 8. Nc3 0-0 9. 0-0 Re8 10. e4 dxe4 11. Nxe4 Nxe4 12. Bxe4 c5 13. Qc2 Nf8 14. dxc5 Bxc5 15. Qc3 f6 16. b4 Be7 17. Nd4 Bd7 18. c5 Rec8 19. Rac1 Rab8 20. Qf3 f5 21. Bd3 Bf6 22. Bc3 a6 23. Bc4 Kh8 24. Rfe1 Re8 25. Re2 g6 26. Nxe6 Bxe6 27. Bxf6+ Kg8 28. Be5 1-0

[Event "BCF-chT1d 1213 (4NCL) Demotion pool"]
[Site "England"]
[Date "2013.05.06"]
[Round "11.161"]
[White "Sowray, Peter John"]
[Black "Cobb, James"]
[Result "0-1"]
[WhiteElo "2362"]
[BlackElo "2423"]
[PlyCount "122"]
[EventDate "2012.11.03"]
[EventType "team-tourn"]
[EventRounds "4"]
[EventCountry "ENG"]
[SourceTitle "EXT 2014"]
[Source "ChessBase"]
[SourceDate "2013.11.20"]
[SourceVersion "1"]
[SourceVersionDate "2013.11.20"]
[SourceQuality "1"]
[WhiteTeam "e2e4.org.uk"]
[BlackTeam "South Wales Dragons"]
[WhiteTeamCountry "ENG"]
[BlackTeamCountry "ENG"]

1. d4 Nf6 2. c4 e6 3. Nc3 Bb4 4. e3 0-0 5. Nge2 d5 6. a3 Be7 7. cxd5 exd5 8. Nf4 c6 9. Bd3 a5 10. 0-0 Na6 11. Bc2 Nc7 12. f3 c5 13. Qe1 Ne6 14. Nxe6 Bxe6 15. Qf2 Rc8 16. Bd2 Ne8 17. Rac1 cxd4 18. exd4 Bh4 19. g3 Bf6 20. Bf4 Nd6 21. Be5 Nc4 22. Bxf6 Qxf6 23. Bb3 Rfd8 24. Rfe1 h5 25. Bxc4 Rxc4 26. Re5 b5 27. Rce1 b4 28. axb4 axb4 29. Nd1 Rdc8 30. Ne3 Rxd4 31. Ng2 Rdc4 32. Nf4 Rc1 33. R5e2 h4 34. Qf1 Qd4+ 35. Kg2 R1c2 36. b3 Qb2 37. gxh4 Qxb3 38. Kg3 Rxe2 39. Qxe2 d4 40. Qe5 Rc6 41. Nh5 Kf8 42. Qxg7+ Ke7 43. Qf6+ Kd7 44. Qxd4+ Kc8 45. Ra1 Bd5 46. Ra8+ Kc7 47. Qf4+ Kb6 48. Qd4+ Rc5 49. Qf6+ Bc6 50. Qd8+ Kb5 51. Qb8+ Kc4 52. Qf4+ Kc3 53. Rd8 Kb2 54. Rd2+ Ka3 55. Qf6 Qxf3+ 56. Qxf3+ Bxf3 57. Nf4 Be4 58. Ne2 b3 59. Kf4 Bh7 60. Rd7 b2 61. Rxf7 Bd3 0-1

[Event "BCF-chT1b 1213 (4NCL)"]
[Site "England"]
[Date "2013.01.13"]
[Round "4.181"]
[White "Cobb, James"]
[Black "Bates, Richard"]
[Result "0-1"]
[WhiteElo "2423"]
[BlackElo "2370"]
[PlyCount "82"]
[EventDate "2012.11.03"]
[EventType "team-tourn"]
[EventRounds "7"]
[EventCountry "ENG"]
[SourceTitle "EXT 2014"]
[Source "ChessBase"]
[SourceDate "2013.11.20"]
[SourceVersion "1"]
[SourceVersionDate "2013.11.20"]
[SourceQuality "1"]
[WhiteTeam "South Wales Dragons"]
[BlackTeam "Blackthorne Russia"]
[WhiteTeamCountry "ENG"]
[BlackTeamCountry "ENG"]

1. Nf3 Nf6 2. d4 g6 3. c4 Bg7 4. Nc3 0-0 5. Bg5 d6 6. e3 c5 7. Be2 Bf5 8. 0-0 Ne4 9. Bh4 Nxc3 10. bxc3 Nc6 11. Nd2 cxd4 12. cxd4 d5 13. Qb3 dxc4 14. Nxc4 Qd7 15. Rac1 Be4 16. Rfd1 Qe6 17. Qb5 Rad8 18. Nd2 a6 19. Qa4 Bd5 20. Bc4 Qg4 21. Bxd5 Rxd5 22. Nf3 Rfd8 23. h3 Qd7 24. Qa3 Ra5 25. Qb3 Rb5 26. Qc4 h6 27. Rd2 g5 28. Bg3 e6 29. Qc2 Nb4 30. Qe4 Nd5 31. Ne5 Qe8 32. h4 f5 33. Qf3 g4 34. Qe2 h5 35. e4 f4 36. exd5 fxg3 37. fxg3 Rbxd5 38. Qe4 Bxe5 39. dxe5 Rxd2 40. Rc7 Rd1+ 41. Kh2 R1d7 0-1

[Event "BCF-ch rapidplay 26th"]
[Site "Leeds"]
[Date "2012.11.25"]
[Round "8"]
[White "Cobb, James"]
[Black "Storey, Charles"]
[Result "1-0"]
[WhiteElo "2423"]
[BlackElo "2245"]
[PlyCount "115"]
[EventDate "2012.11.24"]
[EventType "swiss (rapid)"]
[EventRounds "11"]
[EventCountry "ENG"]
[SourceTitle "CBM 151 Extra"]
[Source "ChessBase"]
[SourceDate "2012.12.18"]
[SourceVersion "1"]
[SourceVersionDate "2012.12.18"]
[SourceQuality "1"]

1. d4 g6 2. Nf3 Bg7 3. c3 c5 4. g3 cxd4 5. cxd4 Nf6 6. Bg2 d5 7. 0-0 0-0 8. Nc3 Nc6 9. Ne5 Nxe5 10. dxe5 Ng4 11. Nxd5 Bxe5 12. Bg5 f6 13. Bf4 e6 14. Bxe5 fxe5 15. Nc3 Qb6 16. Na4 Qa5 17. Rc1 Rd8 18. Qb3 Rd6 19. Rfd1 Rxd1+ 20. Qxd1 Nf6 21. Rc5 Qb4 22. Qd8+ Kf7 23. Rc7+ Bd7 24. Qxa8 Qxa4 25. Qxb7 Qd1+ 26. Bf1 a5 27. Qb3 Qd6 28. Rb7 g5 29. Qd3 Qc6 30. Ra7 e4 31. Qc3 Qb6 32. Qxa5 Qxb2 33. Qxg5 Qb6 34. Qa5 Qd6 35. Qa3 Qe5 36. Qe3 Kg6 37. Qf4 Qc5 38. Rxd7 Nxd7 39. Qxe4+ Kf6 40. Qxh7 Nf8 41. Qh6+ Ke7 42. Qg7+ Kd8 43. e3 Nd7 44. Qd4 Qa3 45. Bb5 Qc1+ 46. Kg2 Ke7 47. Qxd7+ Kf6 48. Qd4+ Ke7 49. Bc4 Kf7 50. Qd7+ Kf8 51. Qxe6 Kg7 52. Qf7+ Kh6 53. Qf6+ Kh7 54. Qd4 Qa3 55. h4 Qa8+ 56. Qd5 Qa3 57. g4 Qc1 58. Qf7+ 1-0

[Event "BCF-ch rapidplay 26th"]
[Site "Leeds"]
[Date "2012.11.25"]
[Round "11"]
[White "Willmoth, Robert"]
[Black "Cobb, James"]
[Result "1/2-1/2"]
[WhiteElo "2164"]
[BlackElo "2423"]
[PlyCount "86"]
[EventDate "2012.11.24"]
[EventType "swiss (rapid)"]
[EventRounds "11"]
[EventCountry "ENG"]
[SourceTitle "CBM 151 Extra"]
[Source "ChessBase"]
[SourceDate "2012.12.18"]
[SourceVersion "1"]
[SourceVersionDate "2012.12.18"]
[SourceQuality "1"]

1. Nf3 d5 2. b3 c5 3. Bb2 Nc6 4. e3 a6 5. d4 cxd4 6. exd4 Bg4 7. Be2 e6 8. Ne5 Bxe2 9. Qxe2 Nf6 10. 0-0 Be7 11. Nd2 0-0 12. Nxc6 bxc6 13. c4 a5 14. c5 Re8 15. a3 Qb8 16. Bc3 Qb7 17. b4 a4 18. Rab1 Rab8 19. Rb2 Qa7 20. Rfb1 Rb5 21. g3 Reb8 22. Kg2 Ne8 23. Re1 R5b7 24. Nf3 Bf6 25. Ne5 Bxe5 26. Qxe5 Nc7 27. Rbe2 Nb5 28. Bb2 Re7 29. Qe3 Rbe8 30. Qd3 f6 31. f4 f5 32. h3 Nc7 33. g4 g6 34. g5 Qa6 35. Qxa6 Nxa6 36. h4 h6 37. Kf3 Nc7 38. Rg1 Rh7 39. Reg2 hxg5 40. Rxg5 Kf7 41. Rxg6 Reh8 42. Bc3 Ne8 43. Be1 Nf6 1/2-1/2

[Event "BCF-ch rapidplay 26th"]
[Site "Leeds"]
[Date "2012.11.24"]
[Round "6"]
[White "Cobb, James"]
[Black "Gordon, Stephen J"]
[Result "0-1"]
[WhiteElo "2423"]
[BlackElo "2533"]
[PlyCount "98"]
[EventDate "2012.11.24"]
[EventType "swiss (rapid)"]
[EventRounds "11"]
[EventCountry "ENG"]
[SourceTitle "CBM 151 Extra"]
[Source "ChessBase"]
[SourceDate "2012.12.18"]
[SourceVersion "1"]
[SourceVersionDate "2012.12.18"]
[SourceQuality "1"]

1. Nf3 c5 2. b3 Nc6 3. Bb2 d5 4. e3 a6 5. d4 Nf6 6. Be2 Bg4 7. Ne5 Bxe2 8. Qxe2 cxd4 9. exd4 e6 10. 0-0 Be7 11. Nd2 0-0 12. Ndf3 Nxe5 13. Nxe5 b5 14. Rfd1 Qb6 15. Rd3 Ra7 16. Rh3 b4 17. Qd3 Rc8 18. a4 Rac7 19. Rc1 g6 20. Rf3 Bd8 21. h4 Ne4 22. g3 f6 23. Ng4 f5 24. Ne3 Bf6 25. Rd1 h6 26. Rc1 g5 27. hxg5 Nxg5 28. Kg2 Nxf3 29. Kxf3 Bg5 30. Kg2 Qd6 31. f4 Bf6 32. Rh1 Rg7 33. Kf3 Kf7 34. Rxh6 Rcg8 35. Rh3 Rg6 36. c4 bxc3 37. Bxc3 Rh8 38. Rxh8 Bxh8 39. Qd2 Bf6 40. Bb4 Qb8 41. Bc5 Qxb3 42. a5 Rh6 43. Kg2 Qb1 44. Nf1 Qe4+ 45. Kf2 Rh1 46. Qb2 Qd3 47. Qe2 Qxe2+ 48. Kxe2 Rh8 49. Nd2 Rb8 0-1

[Event "BCF-ch rapidplay 26th"]
[Site "Leeds"]
[Date "2012.11.24"]
[Round "4"]
[White "Gormally, Daniel"]
[Black "Cobb, James"]
[Result "0-1"]
[WhiteElo "2495"]
[BlackElo "2423"]
[PlyCount "106"]
[EventDate "2012.11.24"]
[EventType "swiss (rapid)"]
[EventRounds "11"]
[EventCountry "ENG"]
[SourceTitle "CBM 151 Extra"]
[Source "ChessBase"]
[SourceDate "2012.12.18"]
[SourceVersion "1"]
[SourceVersionDate "2012.12.18"]
[SourceQuality "1"]

1. d4 Nf6 2. Nf3 e6 3. c4 b6 4. a3 Bb7 5. Nc3 Be7 6. d5 0-0 7. e4 d6 8. Bd3 Nbd7 9. 0-0 Ne5 10. Nd4 Nxd3 11. Qxd3 e5 12. Nf5 Bc8 13. Nxe7+ Qxe7 14. f4 exf4 15. Bxf4 Ng4 16. Qg3 Re8 17. h3 Ne5 18. Bg5 Qd7 19. Bf6 Ng6 20. Bd4 Qe7 21. Rf4 a6 22. Raf1 f6 23. R4f2 Qd7 24. b4 a5 25. b5 Rf8 26. Rf3 Qe7 27. h4 Bd7 28. h5 Ne5 29. Rf4 h6 30. Nd1 Rf7 31. Nb2 Raf8 32. Qc3 f5 33. exf5 Rxf5 34. Rxf5 Rxf5 35. Rxf5 Bxf5 36. Qe3 Qf6 37. Nd1 Bg4 38. Nf2 Bxh5 39. Ne4 Qh4 40. Bxe5 dxe5 41. c5 bxc5 42. d6 cxd6 43. b6 Qd8 44. b7 Bf7 45. Qd2 Qb6 46. Nxd6 c4+ 47. Kh2 Be6 48. a4 c3 49. Qxc3 Qxd6 50. Qxa5 e4+ 51. g3 Kh7 52. Qa8 Qd2+ 53. Kg1 Bh3 0-1

[Event "BCF-chT1b 1213 (4NCL)"]
[Site "England"]
[Date "2012.11.04"]
[Round "2.181"]
[White "Cobb, James"]
[Black "Greet, Andrew"]
[Result "1-0"]
[WhiteElo "2423"]
[BlackElo "2438"]
[PlyCount "123"]
[EventDate "2012.11.03"]
[EventType "team-tourn"]
[EventRounds "7"]
[EventCountry "ENG"]
[SourceTitle "EXT 2013"]
[Source "ChessBase"]
[SourceDate "2012.11.22"]
[SourceVersion "1"]
[SourceVersionDate "2012.11.22"]
[SourceQuality "1"]
[WhiteTeam "South Wales Dragons"]
[BlackTeam "Wood Green Hilsmark II"]
[WhiteTeamCountry "ENG"]
[BlackTeamCountry "ENG"]

1. Nf3 Nf6 2. g3 d5 3. Bg2 Bf5 4. d3 e6 5. 0-0 Be7 6. Nfd2 e5 7. c4 c6 8. Qb3 Na6 9. cxd5 cxd5 10. Qxb7 Nc5 11. Qb4 Rc8 12. Nb3 Qd7 13. Nxc5 Bxc5 14. Qb3 h5 15. h4 0-0 16. Bg5 Rb8 17. Qc2 Rfc8 18. Nc3 d4 19. Na4 Be7 20. Qd1 Bh3 21. b3 Bxg2 22. Kxg2 Nd5 23. Bxe7 Qxe7 24. Rc1 g5 25. e4 dxe3 26. Qxh5 exf2 27. Rxc8+ Rxc8 28. Rxf2 Rc6 29. Qxg5+ Qxg5 30. hxg5 Nb4 31. Nb2 Kg7 32. a3 Nc2 33. Kf3 Rc3 34. Ke4 Nxa3 35. Nc4 Rxb3 36. Nxe5 Rb7 37. d4 Nb5 38. Rf6 Nc3+ 39. Kd3 Nd5 40. Rd6 Ne7 41. Ke4 Rc7 42. Rf6 Ng8 43. Ra6 f6 44. gxf6+ Nxf6+ 45. Kf5 Nd5 46. Ke6 Nb4 47. Ra4 a5 48. Rxa5 Rc3 49. g4 Re3 50. Kf5 Re1 51. Ra7+ Kf8 52. Rd7 Ke8 53. Rd6 Rf1+ 54. Ke6 Nc2 55. g5 Rf4 56. Nc6 Kf8 57. Ke5 Rg4 58. Kf6 Rf4+ 59. Kg6 Re4 60. Rd8+ Re8 61. Rxe8+ Kxe8 62. Kh7 1-0

[Event "Basingstoke e2e4 op"]
[Site "Basingstoke"]
[Date "2012.10.29"]
[Round "4"]
[White "Lyell, Mark"]
[Black "Cobb, James"]
[Result "0-1"]
[WhiteElo "2219"]
[BlackElo "2423"]
[PlyCount "104"]
[EventDate "2012.10.27"]
[EventType "swiss"]
[EventRounds "9"]
[EventCountry "ENG"]
[SourceTitle "EXT 2013"]
[Source "ChessBase"]
[SourceDate "2012.11.22"]
[SourceVersion "1"]
[SourceVersionDate "2012.11.22"]
[SourceQuality "1"]

1. e4 e6 2. d4 d5 3. e5 c5 4. c3 Nc6 5. Nf3 Qb6 6. a3 c4 7. Nbd2 Na5 8. g3 Bd7 9. h4 Ne7 10. Bh3 Nc8 11. 0-0 Qc7 12. Ne1 Nb6 13. f4 g6 14. Qe2 0-0-0 15. Ng2 Nb3 16. Nxb3 cxb3 17. Ne3 h5 18. Rf2 Kb8 19. Bf1 Rc8 20. Qd1 Ba4 21. Kh2 Qd7 22. Bd2 Be7 23. Be1 Rhd8 24. Bg2 Nc4 25. Nxc4 Rxc4 26. Bf1 Rc6 27. Qf3 Rc7 28. Qd1 Rdc8 29. Rf3 Rc6 30. Rc1 Rb6 31. c4 dxc4 32. Rxc4 Rxc4 33. Bxc4 Bxa3 34. Ba5 Rc6 35. Bxb3 Bxb3 36. Rxb3 Be7 37. Bb4 Bxb4 38. Rxb4 Rc7 39. Qb3 Qc6 40. Rb5 Qc1 41. Rc5 Rxc5 42. dxc5 Qxc5 43. Qa4 Qe7 44. Qd4 a6 45. Kh3 Qc7 46. Qb4 Ka7 47. Qf8 Qc1 48. g4 Qe3+ 49. Kg2 hxg4 50. b4 g3 51. Kh3 Qf2 52. b5 g2 0-1

[Event "Basingstoke e2e4 op"]
[Site "Basingstoke"]
[Date "2012.10.27"]
[Round "1"]
[White "Cobb, James"]
[Black "Brown, Rowan M"]
[Result "1-0"]
[WhiteElo "2423"]
[BlackElo "2165"]
[PlyCount "69"]
[EventDate "2012.10.27"]
[EventType "swiss"]
[EventRounds "9"]
[EventCountry "ENG"]
[SourceTitle "EXT 2013"]
[Source "ChessBase"]
[SourceDate "2012.11.22"]
[SourceVersion "1"]
[SourceVersionDate "2012.11.22"]
[SourceQuality "1"]

1. Nf3 Nf6 2. g3 g6 3. Bg2 Bg7 4. 0-0 0-0 5. d4 c5 6. dxc5 Na6 7. Be3 Qc7 8. Nc3 Nxc5 9. Nb5 Qc6 10. c4 a6 11. Nc3 d6 12. Rc1 Qc7 13. b4 Ncd7 14. Qb3 e6 15. Rfd1 Nb6 16. c5 dxc5 17. Bf4 Qe7 18. bxc5 Nbd5 19. Bd6 Qe8 20. Nxd5 Nxd5 21. Bxf8 Bxf8 22. Ne5 Qb5 23. e3 Bg7 24. Nc4 Bd7 25. Bxd5 exd5 26. Nb6 Re8 27. Nxd7 Qxd7 28. Qxd5 Qc7 29. Qd7 Rc8 30. Qxc7 Rxc7 31. Rd8+ Bf8 32. Rb8 Kg7 33. Rb1 Rxc5 34. R8xb7 a5 35. R7b5 1-0